000 00642nam a2200241 i 4500
001 C2-0123191
003 PPAK
005 20180727114209.0
008 970827s1994 nyu |||| ||||| | eng d
020 _a0689505906
040 _aPPAK
_beng
_cPPAK
_erda
082 0 4 _a823
_223
090 0 0 _a823
_bMAG
_dK
100 1 _aMaguire, Gregory,
_eauthor
245 1 0 _aMissing sisters
264 1 _aNew York :
_bMargaret K. McElderry Books ,
_c1994
300 _a152 pages ;
_c22 cm
336 _2rdacontent
_atext
337 _2rdamedia
_aunmediated
338 _2rdacarrier
_avolume
650 1 0 _aChildren' s stories, English
942 _ddc
_cB
999 _c35754
_d35754